Distribuovaná správa údajov v kolaboratívnej virtuálnej realite

Enregistré dans:
Détails bibliographiques
Auteur principal: Halák, Martin (Auteur)
Autres auteurs: Štefanovič, Juraj, 1964- (Directeur de thèse)
Format: Manuscrit Livre
Publié: Bratislava : STU, 2006
Sujets:
Tags: Ajouter un tag
Pas de tags, Soyez le premier à ajouter un tag!

MARC

LEADER 00000ntm a22000003a 4500
001 stu139115
005 20180302143744.1
008 070321s2006----xo----------------------d
040 |a STU  |b slo 
044 |a xo 
100 1 |a Halák, Martin  |4 aut 
245 1 |a Distribuovaná správa údajov v kolaboratívnej virtuálnej realite 
260 |a Bratislava :  |b STU,  |c 2006 
300 |a 59 s 
650 7 |a informačné systémy  |2 stusub 
700 1 |a Štefanovič, Juraj,  |d 1964-  |4 ths  |u I300  |U FIIT Fakulta informatiky a informačných technológií  |T FIIT Ústav aplikovanej informatiky  |X 2056  |U I300  |Y 180  |7 A000002056 
996 |c I*DP50/06  |l II680  |s P  |a 0  |w stu139115_0001